[Event "Manisa Yunusemre IM Norm 2019"]
[Site "Manisa"]
[Date "2019.05.02"]
[Round "7.3"]
[White "Kukov, Velislav"]
[Black "Abdullayev, Azer"]
[Result "1-0"]
[WhiteElo "2351"]
[BlackElo "2074"]
[Annotator "NA"]
[PlyCount "83"]
[EventDate "2019.04.30"]
[EventCountry "TUR"]
[SourceTitle "playchess.com"]
[Source "ChessBase"]
[SourceQuality "1"]
[TimeControl "5400+30"]

1. Nf3 {[%emt 0:00:30]} d5 {[%emt 0:00:30]} 2. g3 {[%emt 0:00:00]} g6 {[%emt 0:00:00]} 3. Bg2 {[%emt 0:00:00]} Bg7 {[%emt 0:00:00]} 4. d4 {[%emt 0:00:30]} Nf6 {[%emt 0:00:00]} 5. c4 {[%emt 0:00:30]} c6 {[%emt 0:00:00]} 6. O-O {[%emt 0:00:30]} O-O {[%emt 0:00:30]} 7. Qa4 {[%emt 0:10:30]} Ne4 {[%emt 0:01:30]} 8. Nc3 {[%emt 0:02:30]} Nd7 {[%emt 0:02:30]} 9. cxd5 {[%emt 0:09:30]} Nxc3 {[%emt 0:02:30]} 10. bxc3 {[%emt 0:00:00]} cxd5 {[%emt 0:00:30]} 11. Qb3 {[%emt 0:02:00]} Qa5 {[%emt 0:08:30]} 12. Bd2 {[%emt 0:02:30]} Nb6 {[%emt 0:00:30]} 13. Ne5 {[%emt 0:19:30]} Be6 {[%emt 0:09:30]} 14. Rfd1 {[%emt 0:06:30]} Rac8 {[%emt 0:21:30]} 15. Nd3 {[%emt 0:02:30]} Nc4 {[%emt 0:03:30]} 16. Be1 {[%emt 0:05:30]} Bg4 {[%emt 0:25:30]} 17. Nf4 {[%emt 0:06:30]} e6 {[%emt 0:08:51]} 18. f3 {[%emt 0:06:30]} Bf5 {[%emt 0:00:14]} 19. g4 {[%emt 0:00:30]} g5 {[%emt 0:01:58]} 20. Nxd5 {[%emt 0:05:55]} exd5 {[%emt 0:00:34]} 21. gxf5 {[%emt 0:00:10]} Rce8 {[%emt 0:01:17]} 22. e4 {[%emt 0:00:36]} Ne3 {[%emt 0:08:28]} 23. c4 {[%emt 0:02:38]} Nxd1 {[%emt 0:00:04]} 24. Bxa5 {[%emt 0:00:04]} Bxd4+ {[%emt 0:00:04]} 25. Kf1 {[%emt 0:00:27]} Ne3+ {[%emt 0:00:17]} 26. Ke2 {[%emt 0:00:57]} dxc4 {[%emt 0:02:21]} 27. Qxe3 {[%emt 0:04:13]} Bxe3 {[%emt 0:00:12]} 28. Kxe3 {[%emt 0:00:01]} Rc8 {[%emt 0:01:07]} 29. Bc3 {[%emt 0:04:52]} f6 {[%emt 0:00:32]} 30. f4 {[%emt 0:02:02]} Rfd8 {[%emt 0:01:19]} 31. Bf1 {[%emt 0:00:20]} gxf4+ {[%emt 0:00:16]} 32. Kxf4 {[%emt 0:00:06]} Kf7 {[%emt 0:00:10]} 33. Be2 {[%emt 0:00:08]} Rc6 {[%emt 0:01:12]} 34. Rg1 {[%emt 0:00:47]} Rd3 {[%emt 0:00:32]} 35. Bxd3 {[%emt 0:02:05]} cxd3 {[%emt 0:00:04]} 36. Bd2 {[%emt 0:01:13]} Rc2 {[%emt 0:00:18]} 37. Ke3 {[%emt 0:00:05]} Rxa2 {[%emt 0:00:04]} 38. Rb1 {[%emt 0:01:20]} b6 {[%emt 0:00:08]} 39. Kxd3 {[%emt 0:00:17]} Ra4 {[%emt 0:01:54]} 40. Bc3 {[%emt 0:00:17]} Ra2 {[%emt 0:00:30]} 41. Ra1 {[%emt 0:00:16]} Rxa1 {[%emt 0:00:30]} 42. Bxa1 {[%emt 0:00:02]} 1-0

[Event "Manisa Yunusemre IM Norm 2019"]
[Site "Manisa"]
[Date "2019.05.02"]
[Round "7.4"]
[White "Mammadova, Narmin"]
[Black "Metin, Oguz"]
[Result "1-0"]
[WhiteElo "2292"]
[BlackElo "2058"]
[Annotator "NA"]
[PlyCount "117"]
[EventDate "2019.04.30"]
[EventCountry "TUR"]
[SourceTitle "playchess.com"]
[Source "ChessBase"]
[SourceQuality "1"]
[TimeControl "5400+30"]

1. e4 {[%emt 0:00:30]} c5 {[%emt 0:08:30]} 2. c3 {[%emt 0:00:00]} d5 {[%emt 0:00:30]} 3. exd5 {[%emt 0:00:00]} Qxd5 {[%emt 0:00:30]} 4. d4 {[%emt 0:00:00]} g6 {[%emt 0:00:00]} 5. Be3 {[%emt 0:01:00]} cxd4 {[%emt 0:01:00]} 6. Na3 {[%emt 0:00:30]} Bg7 {[%emt 0:02:30]} 7. Nb5 {[%emt 0:00:30]} Na6 {[%emt 0:00:30]} 8. Nf3 {[%emt 0:00:30]} Nh6 {[%emt 0:01:30]} 9. Bxd4 {[%emt 0:05:30]} Bxd4 {[%emt 0:04:30]} 10. Qxd4 {[%emt 0:02:30]} Qxd4 {[%emt 0:00:00]} 11. Nfxd4 {[%emt 0:03:30]} O-O {[%emt 0:02:00]} 12. Be2 {[%emt 0:07:30]} Nc5 {[%emt 0:02:30]} 13. Nb3 {[%emt 0:13:30]} Nxb3 {[%emt 0:04:30]} 14. axb3 {[%emt 0:00:00]} a6 {[%emt 0:00:30]} 15. Nc7 {[%emt 0:10:00]} Rb8 {[%emt 0:00:30]} 16. O-O-O {[%emt 0:03:30]} Nf5 {[%emt 0:08:30]} 17. Nd5 {[%emt 0:18:30]} Be6 {[%emt 0:02:30]} 18. Kc2 {[%emt 0:09:30]} Rfd8 {[%emt 0:06:30]} 19. Nf4 {[%emt 0:02:30]} Bd7 {[%emt 0:01:30]} 20. Bf3 {[%emt 0:05:27]} Nd6 {[%emt 0:00:30]} 21. Rhe1 {[%emt 0:01:49]} Kf8 {[%emt 0:00:30]} 22. Nd5 {[%emt 0:02:14]} Bf5+ {[%emt 0:00:30]} 23. Kc1 {[%emt 0:00:04]} Be6 {[%emt 0:00:30]} 24. g4 {[%emt 0:04:08]} Bxd5 {[%emt 0:05:30]} 25. Rxd5 {[%emt 0:01:42]} e6 {[%emt 0:00:30]} 26. Rd4 {[%emt 0:00:39]} Ke7 {[%emt 0:00:30]} 27. Bd1 {[%emt 0:03:35]} Rbc8 {[%emt 0:03:30]} 28. f4 {[%emt 0:00:53]} Ne8 {[%emt 0:05:30]} 29. Rb4 {[%emt 0:01:02]} Rc7 {[%emt 0:01:30]} 30. f5 {[%emt 0:00:28]} Rd6 {[%emt 0:00:30]} 31. Bc2 {[%emt 0:02:32]} b5 {[%emt 0:00:00]} 32. h3 {[%emt 0:01:22]} Rc5 {[%emt 0:00:00]} 33. Rf4 {[%emt 0:00:32]} g5 {[%emt 0:00:30]} 34. Rf2 {[%emt 0:00:30]} h6 {[%emt 0:00:30]} 35. Rfe2 {[%emt 0:00:28]} Nc7 {[%emt 0:02:30]} 36. b4 {[%emt 0:00:24]} Rcd5 {[%emt 0:00:30]} 37. Rh1 {[%emt 0:00:29]} Kf8 {[%emt 0:00:30]} 38. Rhe1 {[%emt 0:00:40]} Ke7 {[%emt 0:01:30]} 39. Rf1 {[%emt 0:00:11]} f6 {[%emt 0:00:30]} 40. Rfe1 {[%emt 0:00:26]} e5 {[%emt 0:00:30]} 41. Be4 {[%emt 0:00:02]} Rd3 {[%emt 0:00:30]} 42. Bxd3 {[%emt 0:00:05]} Rxd3 {[%emt 0:00:00]} 43. Re3 {[%emt 0:00:13]} Rxe3 {[%emt 0:01:00]} 44. Rxe3 {[%emt 0:00:00]} Nd5 {[%emt 0:00:00]} 45. Re1 {[%emt 0:02:22]} Nf4 {[%emt 0:00:00]} 46. Rh1 {[%emt 0:00:33]} e4 {[%emt 0:01:30]} 47. Kd2 {[%emt 0:00:13]} Kd6 {[%emt 0:00:00]} 48. Ke3 {[%emt 0:00:50]} Ke5 {[%emt 0:00:00]} 49. Ra1 {[%emt 0:00:36]} Nd5+ {[%emt 0:00:30]} 50. Ke2 {[%emt 0:00:25]} Nf4+ {[%emt 0:01:30]} 51. Ke3 {[%emt 0:00:01]} Nd5+ {[%emt 0:00:00]} 52. Kf2 {[%emt 0:00:15]} Nc7 {[%emt 0:01:00]} 53. Ke2 {[%emt 0:01:02]} h5 {[%emt 0:00:30]} 54. gxh5 {[%emt 0:00:12]} Kxf5 {[%emt 0:00:30]} 55. Rf1+ {[%emt 0:00:08]} Ke6 {[%emt 0:00:30]} 56. h6 {[%emt 0:00:07]} Kf7 {[%emt 0:00:30]} 57. h7 {[%emt 0:00:15]} Kg7 {[%emt 0:00:00]} 58. Rxf6 {[%emt 0:00:07]} Kxh7 {[%emt 0:00:00]} 59. Rf7+ {[%emt 0:00:03]} 1-0

[Event "Manisa Yunusemre IM Norm 2019"]
[Site "Manisa"]
[Date "2019.05.02"]
[Round "7.5"]
[White "Guseynov, Alihan"]
[Black "Nalbant, Tuna Onat"]
[Result "1/2-1/2"]
[WhiteElo "2340"]
[BlackElo "2354"]
[Annotator "NA"]
[PlyCount "60"]
[EventDate "2019.04.30"]
[EventCountry "TUR"]
[SourceTitle "playchess.com"]
[Source "ChessBase"]
[SourceQuality "1"]
[TimeControl "5400+30"]

1. d4 {[%emt 0:00:30]} Nf6 {[%emt 0:00:30]} 2. c4 {[%emt 0:00:30]} g6 {[%emt 0:00:30]} 3. Nc3 {[%emt 0:00:30]} d5 {[%emt 0:00:30]} 4. Nf3 {[%emt 0:01:30]} Bg7 {[%emt 0:03:30]} 5. Qb3 {[%emt 0:08:30]} dxc4 {[%emt 0:02:30]} 6. Qxc4 {[%emt 0:00:30]} O-O {[%emt 0:01:30]} 7. e4 {[%emt 0:00:30]} Nc6 {[%emt 0:01:30]} 8. Be2 {[%emt 0:02:30]} Bg4 {[%emt 0:04:30]} 9. d5 {[%emt 0:01:30]} Na5 {[%emt 0:02:30]} 10. Qb4 {[%emt 0:03:30]} Bxf3 {[%emt 0:02:30]} 11. Bxf3 {[%emt 0:00:30]} c6 {[%emt 0:03:30]} 12. O-O {[%emt 0:01:30]} Qb6 {[%emt 0:06:30]} 13. Qxe7 {[%emt 0:10:30]} Nc4 {[%emt 0:07:30]} 14. dxc6 {[%emt 0:04:30]} bxc6 {[%emt 0:00:30]} 15. Bf4 {[%emt 0:02:30]} Rfe8 {[%emt 0:03:30]} 16. Qc7 {[%emt 0:00:30]} Qxc7 {[%emt 0:02:30]} 17. Bxc7 {[%emt 0:00:30]} Rac8 {[%emt 0:01:30]} 18. Bg3 {[%emt 0:03:30]} Nh5 {[%emt 0:05:30]} 19. Rac1 {[%emt 0:09:30]} Nxg3 {[%emt 0:00:30]} 20. hxg3 {[%emt 0:00:00]} Nxb2 {[%emt 0:03:30]} 21. Rc2 {[%emt 0:01:00]} Nd3 {[%emt 0:04:30]} 22. a3 {[%emt 0:02:30]} Nc5 {[%emt 0:02:30]} 23. Rfc1 {[%emt 0:02:30]} Bxc3 {[%emt 0:02:30]} 24. Rxc3 {[%emt 0:00:00]} Nxe4 {[%emt 0:00:00]} 25. Bxe4 {[%emt 0:00:00]} Rxe4 {[%emt 0:00:00]} 26. Rxc6 {[%emt 0:00:30]} Rxc6 {[%emt 0:00:30]} 27. Rxc6 {[%emt 0:00:00]} Ra4 {[%emt 0:00:00]} 28. Rc3 {[%emt 0:00:00]} Kg7 {[%emt 0:00:00]} 29. f3 {[%emt 0:00:30]} Kf6 {[%emt 0:00:30]} 30. Kf2 {[%emt 0:00:00]} Ke5 {[%emt 0:00:00]} 1/2-1/2

[Event "Manisa Yunusemre IM Norm 2019"]
[Site "Manisa"]
[Date "2019.05.03"]
[Round "8.1"]
[White "Akin, Kadir"]
[Black "Simantsev, Mikhail"]
[Result "1-0"]
[WhiteElo "2033"]
[BlackElo "2395"]
[Annotator "NA"]
[PlyCount "83"]
[EventDate "2019.04.30"]
[EventCountry "TUR"]
[SourceTitle "playchess.com"]
[Source "ChessBase"]
[SourceQuality "1"]
[TimeControl "5400+30"]

1. e4 {[%emt 0:00:30]} c5 {[%emt 0:03:30]} 2. c3 {[%emt 0:00:00]} Nf6 {[%emt 0:02:30]} 3. e5 {[%emt 0:00:00]} Nd5 {[%emt 0:00:30]} 4. d4 {[%emt 0:00:00]} cxd4 {[%emt 0:00:00]} 5. Nf3 {[%emt 0:00:00]} e6 {[%emt 0:00:00]} 6. cxd4 {[%emt 0:00:00]} d6 {[%emt 0:00:30]} 7. a3 {[%emt 0:00:00]} Bd7 {[%emt 0:02:30]} 8. Bd3 {[%emt 0:00:30]} Bc6 {[%emt 0:00:30]} 9. O-O {[%emt 0:00:00]} Nd7 {[%emt 0:00:30]} 10. Qe2 {[%emt 0:00:00]} Be7 {[%emt 0:00:30]} 11. Nc3 {[%emt 0:00:30] B22: Sicilian: 2 c3} (11. exd6 Bxd6 12. Nc3 O-O 13. Ne4 Bf4 14. Be3 N7f6 15. Neg5 h6 16. Nh3 Qd6 17. Qd2 Nh5 18. Rae1 Qc7 {½-½ (74) Harikrishna,P (2744)-Artemiev,V (2691) Huaian 2017}) 11... dxe5 {[%emt 0:13:30]} 12. Nxd5 {[%emt 0:00:30]} Bxd5 {[%emt 0:04:30]} 13. dxe5 {[%emt 0:03:30]} O-O {[%emt 0:02:30]} 14. Rd1 {[%emt 0:00:30]} Nc5 {[%emt 0:21:30]} 15. Bc2 {[%emt 0:00:30]} Rc8 $146 {[%emt 0:02:30]} ({Predecessor:} 15... a5 16. Be3 a4 17. Bxh7+ Kxh7 18. Bxc5 g6 19. Bxe7 Qxe7 {1-0 (54) Akin,K (1974)-Nalbant,T (2241) Manavgat 2018}) 16. b4 {[%emt 0:02:30]} Nd7 {[%emt 0:02:30]} 17. Be4 {[%emt 0:05:30]} Bxe4 {[%emt 0:24:07]} 18. Qxe4 {[%emt 0:00:00]} Qc7 {[%emt 0:00:01]} 19. Be3 {[%emt 0:04:00]} Nb6 {[%emt 0:01:21]} 20. Rac1 {[%emt 0:13:30]} Qb8 {[%emt 0:02:02]} 21. Bxb6 {[%emt 0:00:00]} axb6 {[%emt 0:00:40]} 22. Qd4 {[%emt 0:01:00]} Rxc1 {[%emt 0:00:58]} 23. Rxc1 {[%emt 0:00:30]} Rc8 {[%emt 0:00:08]} 24. Rxc8+ {[%emt 0:03:30]} Qxc8 {[%emt 0:02:17]} 25. Qe3 {[%emt 0:00:30]} Qc6 {[%emt 0:01:22]} 26. h3 {[%emt 0:00:30]} f6 {[%emt 0:05:59]} 27. exf6 {[%emt 0:04:30]} Bxf6 {[%emt 0:02:26]} 28. Nd4 {[%emt 0:01:30]} Bxd4 {[%emt 0:02:53]} 29. Qxd4 {[%emt 0:00:00]} h6 {[%emt 0:00:10]} 30. Kh2 {[%emt 0:00:00]} Kf7 {[%emt 0:00:05]} 31. Kg3 {[%emt 0:00:30]} Qc7+ {[%emt 0:00:14]} 32. Qf4+ {[%emt 0:02:30]} Qxf4+ {[%emt 0:00:09]} 33. Kxf4 {[%emt 0:00:00]} Kf6 {[%emt 0:01:57]} 34. Ke4 {[%emt 0:04:00]} Ke7 {[%emt 0:00:13]} 35. Ke5 {[%emt 0:00:00]} Kd7 {[%emt 0:00:02]} 36. b5 {[%emt 0:00:00]} Ke7 {[%emt 0:00:01]} 37. f4 {[%emt 0:00:30]} Kd7 $18 {[%emt 0:00:29]} 38. g4 {[%emt 0:00:30]} Ke7 {[%emt 0:00:08]} 39. h4 {[%emt 0:00:30]} Kf7 {[%emt 0:02:49]} 40. Kd6 {[%emt 0:04:30]} Kf6 {[%emt 0:00:27]} 41. h5 {[%emt 0:00:30]} Kf7 {[%emt 0:00:38]} 42. g5 {[%emt 0:00:30]} 1-0

[Event "Manisa Yunusemre IM Norm 2019"]
[Site "Manisa"]
[Date "2019.05.03"]
[Round "8.2"]
[White "Abdullayev, Azer"]
[Black "Morozov, Nichita"]
[Result "1-0"]
[WhiteElo "2057"]
[BlackElo "2398"]
[Annotator "NA"]
[PlyCount "61"]
[EventDate "2019.04.30"]
[EventCountry "TUR"]
[SourceTitle "playchess.com"]
[Source "ChessBase"]
[SourceQuality "1"]
[TimeControl "5400+30"]

1. e4 {[%emt 0:02:30]} c6 {[%emt 0:02:30]} 2. d4 {[%emt 0:00:30]} d5 {[%emt 0:00:00]} 3. Nd2 {[%emt 0:00:30]} dxe4 {[%emt 0:00:00]} 4. Nxe4 {[%emt 0:00:00]} Bf5 {[%emt 0:00:00]} 5. Ng3 {[%emt 0:00:00]} Bg6 {[%emt 0:00:00]} 6. h4 {[%emt 0:00:00]} h6 {[%emt 0:00:30]} 7. Nf3 {[%emt 0:00:00]} Nd7 {[%emt 0:00:30]} 8. h5 {[%emt 0:00:30]} Bh7 {[%emt 0:00:00]} 9. Bd3 {[%emt 0:00:00]} Bxd3 {[%emt 0:00:00]} 10. Qxd3 {[%emt 0:00:00]} e6 {[%emt 0:00:30]} 11. Bd2 {[%emt 0:00:00]} Ngf6 {[%emt 0:00:30]} 12. O-O-O {[%emt 0:00:00]} Rc8 {[%emt 0:00:00]} 13. Rhe1 {[%emt 0:16:30]} Be7 {[%emt 0:00:00]} 14. Qe2 {[%emt 0:09:30]} O-O {[%emt 0:26:30]} 15. Ne5 {[%emt 0:19:30]} c5 {[%emt 0:05:30]} 16. Ng6 {[%emt 0:11:30]} Re8 {[%emt 0:00:30]} 17. Nxe7+ {[%emt 0:10:30]} Qxe7 {[%emt 0:04:30]} 18. d5 {[%emt 0:01:30]} Qd6 {[%emt 0:12:30]} 19. dxe6 {[%emt 0:02:30]} Rxe6 {[%emt 0:00:30]} 20. Nf5 {[%emt 0:03:30]} Qh2 {[%emt 0:03:30]} 21. Qf3 {[%emt 0:07:48]} Ne5 {[%emt 0:03:30]} 22. Qxb7 {[%emt 0:00:53]} Rce8 {[%emt 0:00:30]} 23. Rh1 {[%emt 0:00:55]} Nd3+ {[%emt 0:00:00]} 24. cxd3 {[%emt 0:00:40]} Qe5 {[%emt 0:00:00]} 25. Qf3 {[%emt 0:00:29]} c4 {[%emt 0:00:30]} 26. Bc3 {[%emt 0:03:04]} Qc5 $18 {[%emt 0:00:30]} 27. d4 {[%emt 0:01:34]} Qb5 {[%emt 0:00:30]} 28. d5 {[%emt 0:01:39]} Ra6 {[%emt 0:00:00]} 29. Qg3 {[%emt 0:00:24]} g6 {[%emt 0:00:00]} 30. hxg6 {[%emt 0:00:12]} Ne4 {[%emt 0:00:00]} 31. gxf7+ {[%emt 0:00:05]} 1-0

[Event "Manisa Yunusemre IM Norm 2019"]
[Site "Manisa"]
[Date "2019.05.03"]
[Round "8.3"]
[White "Metin, Oguz"]
[Black "Kukov, Velislav"]
[Result "1-0"]
[WhiteElo "2058"]
[BlackElo "2351"]
[Annotator "NA"]
[PlyCount "124"]
[EventDate "2019.04.30"]
[EventCountry "TUR"]
[SourceTitle "playchess.com"]
[Source "ChessBase"]
[SourceQuality "1"]
[TimeControl "5400+30"]

1. e4 {[%emt 0:09:30]} c6 {[%emt 0:00:30]} 2. d4 {[%emt 0:00:30]} d5 {[%emt 0:00:30]} 3. e5 {[%emt 0:00:30]} Na6 {[%emt 0:00:30]} 4. Nc3 {[%emt 0:03:30]} Nc7 {[%emt 0:02:30]} 5. Be3 {[%emt 0:02:30]} (5. f4 h5 6. Be3 Bf5 7. Be2 e6 8. g3 g6 9. Nf3 Ne7 10. Bf2 Nc8 11. h3 Nb6 12. Kf1 {½-½ (70) Khismatullin,D (2584)-Sergienko,S (2446) Voronezh 2008}) 5... g6 {[%emt 0:00:30]} 6. Qd2 {[%emt 0:01:30] B12: Caro-Kann: Advance Variation} h5 {[%emt 0:00:30]} 7. O-O-O {[%emt 0:04:30]} Nh6 {[%emt 0:00:30]} 8. Kb1 $146 {[%emt 0:01:30]} ({Predecessor:} 8. f3 Nf5 9. Bg5 Ne6 10. h4 Nfxd4 11. Kb1 {0-1 (36) Pepic,R (2255)-Kostadinov,R (2250) Pula 1990}) 8... Nf5 {[%emt 0:04:30]} 9. Nge2 {[%emt 0:03:30]} Nxe3 {[%emt 0:06:30]} 10. fxe3 {[%emt 0:03:30]} Bh6 {[%emt 0:00:00]} 11. Nf4 {[%emt 0:00:30]} Ne6 {[%emt 0:04:00]} 12. Bd3 {[%emt 0:03:30]} Nxf4 {[%emt 0:13:30]} 13. exf4 {[%emt 0:00:30]} Bg4 {[%emt 0:00:00]} 14. Be2 {[%emt 0:01:30]} Bf5 {[%emt 0:06:00]} 15. Bd3 {[%emt 0:03:30]} Bg4 {[%emt 0:08:30]} 16. Be2 {[%emt 0:09:30]} Qd7 {[%emt 0:00:30]} 17. Rdf1 {[%emt 0:01:30]} Bf5 {[%emt 0:03:30]} 18. Nd1 {[%emt 0:01:30]} O-O-O {[%emt 0:01:30]} 19. Ne3 {[%emt 0:03:30]} Be4 {[%emt 0:02:30]} 20. Bd3 {[%emt 0:02:30]} f5 $11 {[%emt 0:07:30]} 21. Rhg1 {[%emt 0:03:30]} e6 {[%emt 0:01:30]} 22. h4 {[%emt 0:00:30]} Bf8 {[%emt 0:04:30]} 23. Rd1 {[%emt 0:02:30]} Kb8 {[%emt 0:12:43]} 24. c3 {[%emt 0:06:30]} Bxd3+ {[%emt 0:00:34]} 25. Qxd3 {[%emt 0:00:30]} c5 {[%emt 0:00:05]} 26. dxc5 {[%emt 0:01:30]} Bxc5 {[%emt 0:00:11]} 27. Rgf1 {[%emt 0:00:30]} Qe7 {[%emt 0:03:24]} 28. g3 {[%emt 0:00:30]} Rc8 {[%emt 0:01:38]} 29. Nc2 {[%emt 0:01:30]} Rc6 {[%emt 0:01:49]} 30. Rd2 {[%emt 0:00:30]} Rhc8 {[%emt 0:00:42]} 31. Rfd1 {[%emt 0:00:30]} a6 {[%emt 0:00:48]} 32. Qf3 {[%emt 0:03:30]} b5 {[%emt 0:00:49]} 33. Rd3 {[%emt 0:02:30]} Qb7 {[%emt 0:02:51]} 34. a3 {[%emt 0:01:30]} a5 {[%emt 0:00:15]} 35. Ka2 {[%emt 0:01:30]} Rb6 {[%emt 0:00:40]} 36. b4 {[%emt 0:03:59]} axb4 {[%emt 0:00:14]} 37. cxb4 {[%emt 0:00:07]} Be7 {[%emt 0:00:56]} 38. Nd4 {[%emt 0:00:08]} Ra6 {[%emt 0:00:40]} 39. R1d2 {[%emt 0:02:18]} Rc4 {[%emt 0:01:38]} 40. Kb2 {[%emt 0:01:22]} Bd8 {[%emt 0:03:07]} 41. Nxe6 {[%emt 0:02:55]} Rxe6 {[%emt 0:00:27]} 42. Qxd5 {[%emt 0:01:28]} Qxd5 {[%emt 0:01:02]} 43. Rxd5 {[%emt 0:00:05]} Bc7 {[%emt 0:02:30]} 44. Rxb5+ {[%emt 0:00:24]} Kc8 {[%emt 0:00:01]} 45. Rbd5 {[%emt 0:01:14]} Rec6 {[%emt 0:00:17]} 46. b5 {[%emt 0:04:48]} R6c5 {[%emt 0:00:31]} 47. Rxc5 {[%emt 0:00:34]} Rxc5 {[%emt 0:00:01]} 48. a4 {[%emt 0:00:04]} Rc4 {[%emt 0:00:28]} 49. Kb3 {[%emt 0:00:07]} Re4 {[%emt 0:00:07]} 50. Rc2 {[%emt 0:00:43]} Kb7 {[%emt 0:01:17]} 51. Rc6 {[%emt 0:00:29]} Re3+ {[%emt 0:03:01]} 52. Kb4 {[%emt 0:00:09]} Rxg3 {[%emt 0:00:22]} 53. a5 {[%emt 0:00:14]} Bd8 {[%emt 0:00:01]} 54. a6+ {[%emt 0:00:27]} Ka7 {[%emt 0:00:43]} 55. Rc8 {[%emt 0:03:01]} Bb6 {[%emt 0:01:28]} 56. Rg8 {[%emt 0:00:07]} Rf3 {[%emt 0:01:19]} 57. Rg7+ {[%emt 0:00:07]} Ka8 {[%emt 0:00:01]} 58. Kc4 {[%emt 0:01:42]} Rxf4+ {[%emt 0:01:17]} 59. Kd5 {[%emt 0:00:05]} Rd4+ {[%emt 0:00:58]} 60. Kc6 {[%emt 0:00:04]} Bd8 {[%emt 0:00:28]} 61. e6 {[%emt 0:01:45]} Bxh4 {[%emt 0:00:33]} 62. Rg8+ {[%emt 0:02:40]} Rd8 {[%emt 0:00:00]} 1-0

[Event "Manisa Yunusemre IM Norm 2019"]
[Site "Manisa"]
[Date "2019.05.03"]
[Round "8.4"]
[White "Nalbant, Tuna Onat"]
[Black "Mammadova, Narmin"]
[Result "1-0"]
[WhiteElo "2354"]
[BlackElo "2292"]
[Annotator "NA"]
[PlyCount "93"]
[EventDate "2019.04.30"]
[EventCountry "TUR"]
[SourceTitle "playchess.com"]
[Source "ChessBase"]
[SourceQuality "1"]
[TimeControl "5400+30"]

1. e4 {[%emt 0:00:30]} e5 {[%emt 0:00:30]} 2. Nf3 {[%emt 0:00:00]} Nc6 {[%emt 0:00:30]} 3. Bb5 {[%emt 0:01:00]} a6 {[%emt 0:00:30]} 4. Ba4 {[%emt 0:00:00]} Nf6 {[%emt 0:00:30]} 5. O-O {[%emt 0:00:00]} Be7 {[%emt 0:02:30]} 6. Re1 {[%emt 0:00:30]} b5 {[%emt 0:00:00]} 7. Bb3 {[%emt 0:00:30]} O-O {[%emt 0:00:00]} 8. c3 {[%emt 0:00:00]} d6 {[%emt 0:00:30]} 9. h3 {[%emt 0:00:00]} Na5 {[%emt 0:00:30]} 10. Bc2 {[%emt 0:00:30]} c5 {[%emt 0:00:30]} 11. d4 {[%emt 0:02:30]} Qc7 {[%emt 0:00:30]} 12. Nbd2 {[%emt 0:02:30]} Bb7 {[%emt 0:04:30]} 13. d5 {[%emt 0:00:30]} g6 {[%emt 0:05:30]} 14. b3 {[%emt 0:05:30]} Bc8 {[%emt 0:01:30]} 15. Nf1 {[%emt 0:01:30]} Nh5 {[%emt 0:01:30]} 16. Bh6 {[%emt 0:07:30] C98: Closed Ruy Lopez: Chigorin Defence: 11 d4 Qc7 12 Nbd2 Nc6} Re8 {[%emt 0:02:30]} 17. Ng3 {[%emt 0:05:30]} Nxg3 {[%emt 0:04:30]} 18. fxg3 {[%emt 0:00:30] [#]} Bf8 $146 {[%emt 0:00:30]} ({Predecessor:} 18... Nb7 19. c4 Bd7 20. Rf1 Bf8 21. Bd2 Bg7 22. Nh2 Rf8 23. Qe2 Nd8 {½-½ (41) Benjamin,J (2581)-Xie,J (2557) Seattle 2001}) 19. Qd2 {[%emt 0:01:30]} Rb8 {[%emt 0:02:30]} 20. Rf1 {[%emt 0:06:30]} f6 {[%emt 0:04:30]} 21. Nh4 {[%emt 0:04:30]} Bg7 {[%emt 0:06:30]} 22. Rf2 {[%emt 0:05:30]} Rf8 {[%emt 0:05:30]} 23. Raf1 {[%emt 0:07:30]} Bxh6 {[%emt 0:05:30]} 24. Qxh6 {[%emt 0:00:00]} Qg7 {[%emt 0:00:00]} 25. Qe3 {[%emt 0:01:00]} Bd7 {[%emt 0:01:00]} 26. Bd3 {[%emt 0:02:30]} Nb7 {[%emt 0:04:30]} 27. g4 {[%emt 0:01:30]} h6 {[%emt 0:02:30]} 28. Rf3 {[%emt 0:11:30]} g5 {[%emt 0:02:30]} 29. Nf5 {[%emt 0:00:30]} Bxf5 $1 {[%emt 0:00:30]} 30. Rxf5 {[%emt 0:01:30]} Qe7 {[%emt 0:02:30]} 31. Be2 {[%emt 0:06:30]} Kg7 {[%emt 0:02:30]} 32. a4 {[%emt 0:01:30]} bxa4 {[%emt 0:03:30]} 33. bxa4 {[%emt 0:00:30]} c4 {[%emt 0:00:00]} 34. Bxc4 {[%emt 0:04:30]} Nc5 {[%emt 0:00:00]} 35. a5 {[%emt 0:01:30]} Qc7 {[%emt 0:04:30]} 36. Qf3 $15 {[%emt 0:00:30]} Nd7 {[%emt 0:01:30]} 37. Qe2 {[%emt 0:14:18]} Ra8 {[%emt 0:01:30]} 38. Kh1 {[%emt 0:02:36]} Qxa5 {[%emt 0:00:30]} 39. Qb2 {[%emt 0:02:40]} Qc7 {[%emt 0:05:30]} 40. Bd3 {[%emt 0:01:01]} Rh8 {[%emt 0:00:30]} 41. Rb1 {[%emt 0:01:00]} Ra7 {[%emt 0:00:30]} 42. Rf3 {[%emt 0:00:40]} Kg6 {[%emt 0:01:30]} 43. Ra1 {[%emt 0:00:32]} a5 {[%emt 0:00:00]} 44. Bb5 {[%emt 0:00:18]} Nc5 {[%emt 0:01:00]} 45. Qf2 {[%emt 0:00:35]} Qe7 {[%emt 0:00:30]} 46. c4 {[%emt 0:00:27]} Nxe4 {[%emt 0:01:30]} 47. Qc2 {[%emt 0:00:01]} 1-0